Quiz o Syrii - Statystyki

Ogólne statystyki
  • Ten quiz został rozwiązany 1 799 razy
    386 od ostatniego zresetowania
  • Średni wynik to 18 z 25
Statystyki odpowiedzi
Wskazówka Odpowiedź % Poprawnych
Stolica Syrii Damaszek
98%
Język urzędowy Arabski
97%
Państwa graniczące z Syrią Irak
95%
Izrael
95%
Turcja
95%
Liban
94%
Wymień jedno z dwóch państw, które wspierały rząd Syrii podczas obecnej wojny domowej Iran | Rosja
93%
Jordania
91%
Imperium, które kontrolowało Syrię w latach 1516–1918 Imperium Osmańskie
86%
Akwen graniczący z Syrią Morze Śródziemne
80%
Państwo europejskie, które miało „mandat” do nadzorowania Syrii w latach 1924–1946 Francja
79%
Naród zamieszkujący północno - wschodnią Syrię, który nie posiada własnego państwa Kurdowie
73%
Rzeka przepływająca przez większą część Syrii w drodze do Zatoki Perskiej Eufrat
72%
Państwo, z którym Syria była zjednoczona w latach 1958–1961, tworząc „Zjednoczoną Republikę Arabską” Egipt
68%
Najbardziej zaludnione miasto Aleppo
66%
W starożytności Syria była częścią tego obszaru, znanego również jako „kolebka cywilizacji” {Żyzny} półksiężyc
63%
„Kalifat”, który kontrolował znaczną część terytorium Syrii w 2014 i 2015 roku ISIS
59%
Obszar odebrany Syrii podczas wojny sześciodniowej Wzgórza {Golan}
58%
Starożytne królestwo Mezopotamii, od którego Syria wzięła swoją nazwę Asyria
54%
Region rozpoczynający się na literę L, do którego należy Syria Lewant
53%
Partia polityczna, do której należał ten przywódca Baas
51%
Prezydent Syrii rządzący nią od 2000 do 2024 Baszszar al-Asad
51%
Waluta Syrii {Funt} syryjski
47%
Mniejszościowa gałąź islamu, do której należy klasa rządząca Syrią (zaczyna się od A) Alawizm
24%
Trzecie co do wielkości miasto, dawniej znane jako Emesa Hims
22%
Nie znaleziono quizów pasujących do podanych kryteriów
Rozkład punktacji
Procent ludzi z każdym wynikiem
Percentyl według liczby udzielonych odpowiedzi
Twoja historia wyników
Nie rozwiązałeś tego quizu od ostatniego zresetowania